Statistics for Facts About Bob Dylan

Click here to take the quiz!

General Stats

  • This quiz has been taken 110 times
  • The average score is 13 of 15

Answer Stats

QuestionAnswer% Correct
How did his 1965 album "Bringing It All Back Home" differ significantly from his previous work?Dylan recorded with electric instruments
94%
Famously covered by Jimi Hendrix, which song from 1967's "John Wesley Harding" is Dylan's most performed song through 2017?All Along the Watchtower
93%
What weather-sounding song was written about the innocence of a jailed boxer?Hurricane
93%
Which Dylan song appears as #1 in the Rolling Stone's 500 Greatest Songs Of All Time?Like a Rolling Stone
93%
What protest song set off Dylan's career as a folk artist in 1963?Blowin' in the Wind
91%
What was Bob Dylan's birth last name?Zimmerman
91%
How did the crowd of the 1965 Newport Folk Festival supposedly react to Dylan's new sound?By booing
88%
What religion did Dylan practice during his early years?Judaism
88%
What was Dylan awarded for his poetic expressions in music in 2016?Nobel Prize in Literature
86%
Which religion did Dylan transition to in the late 1970s?Christianity
85%
Dylan's album "Love and Theft" was released on which dark day in U.S. History?September 11, 2001
85%
What caused Dylan to take a haitus from touring in the late sixties?Motorcycle accident
84%
What 1975 album, often considered one of his greatest achievements, is reminiscent of Dylan's estrangement and divorce with his wife Sara?Blood on the Tracks
77%
What is the nickname for Dylan's unusual ongoing tour, named for its length?The Never-Ending Tour
72%
Which artist backed Dylan in the 1970s and recorded two albums with him?The Band
49%

Score Distribution

Percentile by Number Answered

Percent of People with Each Score

Your Score History

You have not taken this quiz